Top 5 Songs On Alpha Place (Knucks) - Statistics

General Stats
  • This quiz has been taken 12 times
  • The average score is 3 of 5
Answer Stats
Hint Answer % Correct
11,112,992 Alpha House
83%
20,449,555 Leon The Professional
67%
78,256,052 Los Pollos Hermanos
58%
27,482,778 Nice & Good
58%
10,640,831 Send Nudes
25%
No matching quizzes found
Score Distribution
Percent of People with Each Score
Percentile by Number Answered
Your Score History
You have not taken this quiz